书目信息 |
| 题名: |
民國風景
|
|
| 作者: | 张昌华 著 | |
| 分册: | ||
| 出版信息: | 北京 东方出版社 2009.01 |
|
| 页数: | 346页 | |
| 开本: | 23cm | |
| 丛书名: | ||
| 单 册: | ||
| 中图分类: | I267.1 , K825.4=6 | |
| 科图分类: | ||
| 主题词: | 随笔--sui bi--中国--现代--文集 , 文化--wen hua--名人--生平事迹--中国--民国 | |
| 电子资源: | ||
| ISBN: | 978-7-5060-3384-8 | |
| 000 | 01134nam0 2200277 450 | |
| 001 | 012009237610 | |
| 005 | 20090621103950.40 | |
| 010 | @a978-7-5060-3384-8@dCNY30.00 | |
| 100 | @a20090621d2009 em y0chiy0120 ea | |
| 101 | 0 | @achi |
| 102 | @aCN@b110000 | |
| 105 | @aac z 000cd | |
| 106 | @ar | |
| 200 | 1 | @a民國風景@Amin guo feng jing@e文化名人的背影之二@f张昌华著@Fzhang chang hua zhu |
| 210 | @a北京@c东方出版社@d2009.01 | |
| 215 | @a346页@c图, 肖像@d23cm | |
| 330 | @a本书记录了26位民国文化名人的生平片断。人,自然包括伟人、名人,都不过是偶然窜入历史长河的一尾小鱼,生命的短暂与能量的微末,犹如水面泛起的一朵浪花。即令我的传主们,有不少享有百年人生,在事业上也有不俗的建树,甚而是辉煌,也不过是岁月记忆中的一个脚注,历史长卷里一枚书签而已。 | |
| 517 | 1 | @a文化名人的背影之二@Awen hua ming ren de bei ying zhi er |
| 518 | 1 | @a民国风景@Amin guo feng jing |
| 606 | 0 | @a随笔@Asui bi@y中国@z现代@j文集 |
| 606 | 0 | @a文化@Awen hua@x名人@x生平事迹@y中国@z民国 |
| 690 | @aI267.1@v4 | |
| 690 | @aK825.4=6@v4 | |
| 701 | 0 | @a张昌华@Azhang chang hua@4著 |
| 801 | 0 | @aCN@bQSSK@c20090621 |
| 905 | @b745293-95@dI267.1@eZ082@f3 | |
| 民國風景:文化名人的背影之二/张昌华著.-北京:东方出版社,2009.01 |
| 346页:图, 肖像;23cm |
| ISBN 978-7-5060-3384-8:CNY30.00 |
| 本书记录了26位民国文化名人的生平片断。人,自然包括伟人、名人,都不过是偶然窜入历史长河的一尾小鱼,生命的短暂与能量的微末,犹如水面泛起的一朵浪花。即令我的传主们,有不少享有百年人生,在事业上也有不俗的建树,甚而是辉煌,也不过是岁月记忆中的一个脚注,历史长卷里一枚书签而已。 |
| ● |
| 相关链接 |
|
|
|
正题名:民國風景
索取号:I267.1/Z082
 
预约/预借
| 序号 | 登录号 | 条形码 | 馆藏地/架位号 | 状态 | 备注 |
| 1 | 745293 | 207452932 | 文学库116/116文学库 11排3列4层/ [索取号:I267.1/Z082] | 在馆 | |
| 2 | 745294 | 207452941 | 文学库116/116文学库 11排3列4层/ [索取号:I267.1/Z082] | 在馆 | |
| 3 | 745295 | 207452950 | 文学库116/116文学库 11排3列4层/ [索取号:I267.1/Z082] | 在馆 |